[Event "TCh-Vojvodina"]
[Site "Sombor SCG"]
[Date "2004.10.02"]
[Round "10"]
[White "Nadj Hedjesi,B"]
[Black "Vajdic,N"]
[Result "1-0"]
[WhiteElo "2301"]
[BlackElo "2228"]

1.e4 c5 2.Nf3 d6 3.Bb5+ Bd7 4.Bxd7+ Nxd7 5.b3 Ngf6 6.Qe2 g6 7.Bb2 Bg7 8.c4 O-O
9.Nc3 Ng4 10.O-O a6 11.Rfd1 Nge5 12.Ne1 Nc6 13.Nc2 Rb8 14.Rab1 e6 15.Ba1 Nd4
16.Nxd4 cxd4 17.Na4 b5 18.Nb2 b4 19.Nd3 Qa5 20.Nc1 Rb7 21.Bb2 Nc5 22.d3 Rfb8
23.Qc2 Qc7 24.a3 bxa3 25.Bxa3 a5 26.Qa2 Bh6 27.Bxc5 dxc5 28.Ne2 Rb4 29.Kf1 Qb6
30.Ra1 Ra8 31.Rdb1 a4 32.bxa4 Raxa4 33.Qc2 Rxa1 34.Rxa1 Rb2 35.Qd1 Rd2 36.Qc1 Kg7
37.Qa3 Rb2 38.Rd1 Rb3 39.Qa1 e5 40.g3 Bd2 41.Qa4 Rb1 42.Kg2 Qb2 43.Ng1 h6
44.Rxb1 Qxb1 45.Qe8 Qxd3 46.Qxe5+ Kg8 47.Nf3 Bg5 48.h4 Be3 49.Qe8+ Kg7 50.Qxf7+ Kxf7
51.Ne5+ Ke6 52.Nxd3 Bd2 53.Nxc5+ Kd6 54.Nd3  1-0

[Event "Tatry Open"]
[Site "Tatranske Zruby SVK"]
[Date "2004.10.02"]
[Round "9"]
[White "Mrva,V"]
[Black "Vlcek,S"]
[Result "1-0"]
[WhiteElo "2119"]
[BlackElo "2319"]

1.e4 c5 2.Nf3 d6 3.Bb5+ Bd7 4.Bxd7+ Qxd7 5.c4 Nc6 6.d4 cxd4 7.Nxd4 g6 8.Nc3 Bg7
9.Be3 Nf6 10.f3 O-O 11.O-O a6 12.a4 Rac8 13.b3 Qd8 14.Rb1 Nd7 15.Nde2 Nc5
16.Qd2 Na5 17.Qa2 Nc6 18.Rfd1 Qa5 19.Nd5 e6 20.Bd2 Qd8 21.Ne3 f5 22.exf5 gxf5
23.b4 Nd3 24.Qb3 Nde5 25.Kh1 f4 26.Nf1 Qh4 27.Be1 Qe7 28.Nc3 Nd8 29.Nd2 Nd3
30.Nd5 exd5 31.Qxd3 d4 32.Bf2 Nc6 33.b5 Ne5 34.Qe4 d3 35.Bd4 Kh8 36.h3 Qf7
37.bxa6 bxa6 38.Rb7 Qg6 39.Qd5 Nf7 40.Bxg7+ Qxg7 41.Ne4 Qg6 42.Rxd3 Ne5 43.Rc3 Rg8
44.Rb2 Rce8 45.Qxd6 Qxd6 46.Nxd6 Re6 47.c5 Nc6 48.Ne4 Rd8 49.Rc1 Rd4 50.Rb7 Rxa4
51.Ng5 Rg6 52.Nf7+ Kg8 53.Re1 h5 54.Re8+ Kh7 55.Ng5+ Kh6 56.h4 Rxg5 57.Rh8+ Kg6
58.Rg8+  1-0

[Event "Monarch Assurance"]
[Site "Port Erin IOM"]
[Date "2004.10.03"]
[Round "9"]
[White "Baklan,V"]
[Black "Gallagher,Jo"]
[Result "1/2-1/2"]
[WhiteElo "2595"]
[BlackElo "2541"]

1.e4 c5 2.Nf3 d6 3.Bb5+ Nd7 4.d4 cxd4 5.Qxd4 a6 6.Bxd7+ Bxd7 7.Bg5 h6 8.Bh4 Qa5+
9.Nc3 e5 10.Qd3 Rc8 11.Nd2 g5 12.Bg3 Nf6 13.h4 Rg8 14.hxg5 hxg5 15.Nb3 Qc7
16.O-O-O b5 17.a3 Qc4 18.Qxc4 Rxc4 19.f3 Be6 20.Nd2 Rc6 21.Nf1 g4 22.Kb1 gxf3
23.gxf3 Be7 24.Be1 Kd7 25.Ne3 Rcc8 26.Bh4  1/2-1/2

[Event "Open"]
[Site "Guernsey GCI"]
[Date "2004.10.04"]
[Round "2"]
[White "Murray,J"]
[Black "Burton,R"]
[Result "1/2-1/2"]
[WhiteElo "2233"]
[BlackElo "2051"]

1.e4 c5 2.Nf3 d6 3.Bb5+ Bd7 4.Bxd7+ Nxd7 5.O-O g6 6.d4 Bg7 7.Be3 cxd4 8.Bxd4 Ngf6
9.Nc3 O-O 10.Re1 a6 11.a4 Rc8 12.Ra3 Nc5 13.b4 Ne6 14.Ba7 Ra8 15.Be3 Ng4
16.Nd5 Nxe3 17.Rexe3 Rc8 18.Qd3 Bh6 19.Re1 Nf4 20.Nxf4 Bxf4 21.g3 Bh6 22.c4 Qc7
23.Rc3 Rfd8 24.Rc2 b5 25.axb5 axb5 26.c5 dxc5 27.Qxb5 c4 28.Kg2 c3 29.Rb1 Bg7
30.Qe2 Qc4 31.Qe1 Rb8 32.e5 Rxb4 33.Rxb4  1/2-1/2

[Event "Open"]
[Site "Guernsey GCI"]
[Date "2004.10.06"]
[Round "4"]
[White "Murray,J"]
[Black "Tan,H"]
[Result "1/2-1/2"]
[WhiteElo "2233"]
[BlackElo "2121"]

1.e4 c5 2.Nf3 d6 3.Bb5+ Bd7 4.Bxd7+ Qxd7 5.O-O Nc6 6.b3 Nf6 7.Re1 g6 8.Bb2 Bg7
9.Nc3 Ng4 10.h3 Nge5 11.Nxe5 Bxe5 12.Na4 Bxb2 13.Nxb2 O-O 14.Nd3 e5 15.f4 f5
16.fxe5 dxe5 17.exf5 Rxf5 18.Qg4 Qd4+ 19.Qxd4 exd4 20.Re6 a5 21.a4 Rc8 22.c4  1/2-1/2

[Event "Tch-FIN 2004-5"]
[Site "Finland FIN"]
[Date "2004.10.09"]
[Round "3"]
[White "Nokso Koivisto,An"]
[Black "Lehtinen,A"]
[Result "1-0"]
[WhiteElo "2219"]
[BlackElo "2182"]

1.e4 c5 2.Nf3 d6 3.Bb5+ Bd7 4.Bxd7+ Qxd7 5.O-O Nc6 6.c3 d5 7.exd5 Qxd5 8.d4 Rd8
9.Qa4 e6 10.c4 Qd7 11.d5 exd5 12.cxd5 Nd4 13.Qxa7 Nxf3+ 14.gxf3 Bd6 15.Nc3 Nf6
16.Re1+ Kf8 17.Be3 Rc8 18.Qb6 g5 19.Nb5 Bxh2+ 20.Kxh2 Nxd5 21.Qd6+ Qxd6+
22.Nxd6  1-0

[Event "36th Olympiad w"]
[Site "Calvia ESP"]
[Date "2004.10.16"]
[Round "1"]
[White "Ferkingstad,G"]
[Black "Huang Qian"]
[Result "0-1"]
[WhiteElo "2035"]
[BlackElo "2371"]

1.e4 c5 2.Nf3 d6 3.Bb5+ Nc6 4.Bxc6+ bxc6 5.O-O Bg4 6.c3 e5 7.d3 Nf6 8.Nbd2 Be7
9.h3 Bh5 10.Qa4 Qc7 11.Re1 O-O 12.d4 exd4 13.cxd4 d5 14.Ne5 Rac8 15.exd5 cxd5
16.Nd7 Qxd7 17.Qxd7 Nxd7 18.Rxe7 Rfd8 19.Nb3 Kf8 20.Re3 cxd4 21.Nxd4 Rc4
22.Nf5 d4 23.Ra3 Bg6 24.Nd6 Rc2 25.Rxa7 Nb6 26.Nb5 d3 27.Be3 Nc4 28.Bc5+ Kg8
29.Be7 d2 30.Rd1 Rc1 31.Nc3 Nxb2 32.Bxd8 Nxd1 33.Ra8 Nxc3+ 34.Kh2 Rh1+ 35.Kg3 h6  0-1

[Event "Essent Open"]
[Site "Hoogeveen NED"]
[Date "2004.10.16"]
[Round "2"]
[White "Hamelink,D"]
[Black "Brodsky,M"]
[Result "0-1"]
[WhiteElo "2227"]
[BlackElo "2533"]

1.e4 c5 2.Nf3 d6 3.Bb5+ Nd7 4.O-O a6 5.Bxd7+ Bxd7 6.c3 Nf6 7.Re1 Bc6 8.d4 Bxe4
9.Bg5 Bd5 10.Bxf6 gxf6 11.Na3 cxd4 12.Qxd4 Be6 13.Ng5 Qd7 14.Nxe6 fxe6 15.Nc4 e5
16.Qh4 Qe6 17.Nb6 Rd8 18.Rad1 f5 19.Nd5 Kf7 20.Qb4 Bh6 21.Qxb7 Rb8 22.Qxa6 Rxb2
23.Qa3 Rhb8 24.Nb4 Rd2 25.Rxd2 Bxd2 26.Rd1 Bg5 27.Qa5 Qc4 28.Qa7 Rc8 29.Qd7 Qe6
30.Rxd6 Qxd6 31.Qxf5+ Bf6 32.Qxh7+ Kf8 33.h4 Rxc3  0-1

[Event "36th Olympiad w"]
[Site "Calvia ESP"]
[Date "2004.10.17"]
[Round "2"]
[White "Tilenbaeva,J"]
[Black "Zhao Xue"]
[Result "0-1"]
[WhiteElo "2080"]
[BlackElo "2487"]

1.e4 c5 2.Nf3 d6 3.Bb5+ Nc6 4.O-O Bd7 5.c3 a6 6.Ba4 b5 7.Bc2 Nf6 8.d4 e5
9.h3 Be7 10.Be3 O-O 11.d5 Na5 12.Nbd2 c4 13.Nh2 Nb7 14.f4 Ne8 15.Ndf3 exf4
16.Bxf4 Nf6 17.Nd4 Nc5 18.Qf3 Qb6 19.Kh1 Rae8 20.Rae1 Bd8 21.g4 h6 22.Nf5 Bxf5
23.gxf5 Kh7 24.Rg1 Rg8 25.Ng4 Ncd7 26.Rg2 Ne5 27.Nxe5 dxe5 28.Bc1 Be7 29.Qd1 Bc5
30.b4 cxb3 31.axb3 a5 32.Qd2 Ra8 33.b4 axb4 34.cxb4 Bd4 35.Bb3 Ra1 36.d6 Qb7
37.Rxg7+ Rxg7 38.Qxh6+ Kg8 39.Qxf6 Bf2 40.Qxe5 Bxe1 41.Bd5 Rxc1 42.Qb2 Qxd5
43.exd5 Bd2+  0-1

[Event "36th Olympiad"]
[Site "Calvia ESP"]
[Date "2004.10.17"]
[Round "3"]
[White "Fancy,S"]
[Black "Matoewi,R"]
[Result "1/2-1/2"]
[WhiteElo "2195"]
[BlackElo "2195"]

1.e4 c5 2.Nf3 d6 3.Bb5+ Bd7 4.a4 Nf6 5.Nc3 g6 6.O-O Bg7 7.d4 cxd4 8.Qxd4 O-O
9.Bg5 h6 10.Bh4 Nc6 11.Qd2 Kh7 12.Rfe1 a6 13.Bxc6 Bxc6 14.Nd5 e6 15.Nxf6+ Bxf6
16.Bxf6 Qxf6 17.c4 Rad8 18.Nd4 Rc8 19.b4 Bd7 20.Rec1 e5 21.Ne2 Be6 22.Qd3 Qe7
23.Ra3 f5 24.exf5 Rxf5 25.Ng3 Rf4 26.Rac3 Rd4 27.Qe2 Qf7 28.c5 dxc5 29.Qxe5 Rd5
30.Qe3 c4 31.Ne4 b5 32.Qb6 Rcd8 33.f3 bxa4 34.Qxa6 Rh5 35.Qxa4 Qf4 36.g3 Qe5
37.Qa7+ Rd7 38.Qe3 Rb7 39.Nc5 Re7 40.Nxe6 Rxe6 41.Qxe5 Rhxe5 42.Rxc4 h5 43.Rc5 Re2
44.R1c2 Re1+ 45.Kf2 Rb1 46.b5 Rb6 47.Rc7+ Kh6 48.Rf7 R1xb5 49.h4 Rb2 50.Rxb2 Rxb2+
51.Ke3 Rb3+ 52.Kd4 Rb4+ 53.Kc3 Rb6 54.g4 hxg4 55.fxg4 Rb1 56.g5+ Kh5 57.Rh7+ Kg4
58.Rh6 Rh1  1/2-1/2

[Event "36th Olympiad"]
[Site "Calvia ESP"]
[Date "2004.10.18"]
[Round "4"]
[White "Sanduleac,V"]
[Black "Ftacnik,L"]
[Result "0-1"]
[WhiteElo "2486"]
[BlackElo "2533"]

1.e4 c5 2.Nf3 d6 3.Bb5+ Bd7 4.Bxd7+ Nxd7 5.O-O Ngf6 6.Qe2 e6 7.c3 Be7 8.d4 cxd4
9.cxd4 d5 10.e5 Ne4 11.Nbd2 Nxd2 12.Bxd2 Qb6 13.Qd3 h6 14.Rfc1 O-O 15.Qc3 Nb8
16.b4 Nc6 17.Rab1 Rac8 18.b5 Nxe5 19.Qxc8 Nxf3+ 20.gxf3 Rxc8 21.Rxc8+ Kh7
22.Be3 e5 23.Rd1 Qg6+ 24.Kf1 Qf5 25.Rcc1 Ba3 26.Rb1 Qxf3 27.dxe5 Bb2 28.Bxa7 Bxe5
29.a4 d4 30.Re1 d3 31.Kg1 Qg4+ 32.Kh1 Qf5 33.Rxe5 Qxe5 34.Be3 Qe4+ 35.Kg1 d2  0-1

[Event "36th Olympiad w"]
[Site "Calvia ESP"]
[Date "2004.10.18"]
[Round "4"]
[White "Ferkingstad,G"]
[Black "Mouradian,S"]
[Result "1-0"]
[WhiteElo "2035"]
[BlackElo "2007"]

1.e4 c5 2.Nf3 d6 3.Bb5+ Bd7 4.Bxd7+ Qxd7 5.c4 Nf6 6.Nc3 Nc6 7.d4 cxd4 8.Nxd4 g6
9.f3 Bg7 10.Be3 a6 11.Na4 Rb8 12.Nb6 Qd8 13.Ne2 Nd7 14.Nxd7 Qxd7 15.Qd2 Ne5
16.Rc1 b5 17.Bd4 bxc4 18.O-O O-O 19.Qc3 Rfc8 20.f4 Nd3 21.Bxg7 Nxc1 22.Nxc1 f6
23.Bh6 Qb7 24.Rf2 Qxe4 25.Re2 Qb7 26.f5 g5 27.h4 gxh4 28.g4 Kf7 29.g5 Qb5
30.g6+ hxg6 31.fxg6+ Kxg6 32.Rg2+ Kf7 33.Rg7+ Ke8 34.Qh3 f5 35.Qxh4 Qc5+
36.Kf1 Qe3  1-0

[Event "36th Olympiad"]
[Site "Calvia ESP"]
[Date "2004.10.18"]
[Round "4"]
[White "Jodorcovsky,P"]
[Black "Requejo,O"]
[Result "1/2-1/2"]
[WhiteElo "2278"]
[BlackElo "2253"]

1.e4 c5 2.Nf3 d6 3.Bb5+ Nc6 4.O-O Bd7 5.c3 Nf6 6.Re1 a6 7.Bxc6 Bxc6 8.d4 cxd4
9.cxd4 Bxe4 10.Nc3 Bxf3 11.Qxf3 e6 12.Qxb7 Qc8 13.Qf3 Be7 14.Bg5 O-O 15.Rac1 Qd7
16.d5 Nxd5 17.Nxd5 Bxg5 18.Nb6 Qa7 19.Nxa8 Bxc1 20.Rxc1 Qxa8 21.Qc6 d5 22.Qd7 Qb8
23.b3 Qb5 24.Qd6 Qe2 25.a4 Qb2 26.Re1 Qc3 27.Kf1 Qd3+ 28.Kg1 Qxb3 29.Qxa6 d4
30.a5 Rd8 31.Qb6 Qxb6 32.axb6 Kf8 33.Kf1 Ke7 34.Ke2 Kd6 35.Rc1 Rd7 36.Kd3 e5
37.f4 exf4 38.Kxd4 Rb7 39.Ke4 Rxb6 40.Kxf4 Ke6 41.Rc3 f6 42.Rc7 g5+ 43.Kf3 h5
44.Rc2 f5 45.Re2+ Kf6 46.Ra2 Rb3+ 47.Kf2 g4 48.g3 h4 49.gxh4 Kg6 50.Ra5 Rh3
51.Kg2 Rxh4 52.Ra3 Kg5 53.Ra8 Rh3 54.Ra2 Rb3 55.Rc2 Kf4 56.Rc4+ Kg5 57.Rc5 Rf3
58.Re5 Kh4 59.Rb5 f4 60.Rf5  1/2-1/2

[Event "36th Olympiad"]
[Site "Calvia ESP"]
[Date "2004.10.18"]
[Round "4"]
[White "Pukkila,M"]
[Black "Moreno Carnero,J"]
[Result "0-1"]
[WhiteElo "2181"]
[BlackElo "2512"]

1.e4 c5 2.Nf3 d6 3.Bb5+ Nd7 4.d4 Nf6 5.Nc3 a6 6.Bxd7+ Nxd7 7.a4 e6 8.Be3 Be7
9.O-O b6 10.Qe2 O-O 11.Rfd1 Bb7 12.d5 exd5 13.Nxd5 Bxd5 14.exd5 Bf6 15.c4 Re8
16.Qd2 Nf8 17.Re1 h6 18.Rab1 Qd7 19.b3 Ng6 20.h3 b5 21.Qc2 Rab8 22.axb5 axb5
23.b4 cxb4 24.Rxb4 Rbc8 25.Reb1 bxc4 26.Rxc4 Ne7 27.Qd3 Rxc4 28.Qxc4 Rc8
29.Qb5 Qf5 30.Rd1 g5 31.Qd3 Qxd3 32.Rxd3 Kh7 33.Nd2 Rc1+ 34.Kh2 Rd1 35.Bd4 Bxd4
36.Rxd4 Nf5 37.Rd3 Kg6 38.g3 h5 39.Kg2 g4 40.hxg4 hxg4 41.f4 Rc1 42.Kf2 Rc2
43.Ke1 Rc8 44.Kf2 Rc2 45.Ke1 Rc8 46.Kf2 Rc1 47.Ke2 Rh1 48.Nf1 Kf6 49.Kf2 Rh5
50.Kg2 Rh8 51.Kf2 Ra8 52.Nd2 Ra4 53.Nf1 Kg6 54.Ke2 Ra2+ 55.Rd2 Ra5 56.Rd3 Ra4
57.Kf2 Ra2+ 58.Nd2 Ng7 59.Kf1 Ra4 60.Ke2 Nh5 61.Nf1 Kf5 62.Nd2 Ra2 63.Ke1 Ra1+
64.Ke2 Nf6 65.Nf1 Ra2+ 66.Ke1 Ke4 67.Re3+ Kd4 68.Re7 Ne4 69.Rb7 Kd3 70.Rb3+ Nc3
71.Rxc3+ Kxc3 72.Ne3 Kd4 73.Nxg4 Kxd5 74.Nf6+ Kd4  0-1

[Event "36th Olympiad"]
[Site "Calvia ESP"]
[Date "2004.10.18"]
[Round "4"]
[White "Figueroa,Marc"]
[Black "Wojciechowski,Pa"]
[Result "1-0"]
[WhiteElo "2126"]
[BlackElo "2146"]

1.e4 c5 2.Nf3 d6 3.Bb5+ Bd7 4.Bxd7+ Nxd7 5.c4 g6 6.O-O Bg7 7.d3 e6 8.Nc3 a6
9.Be3 Ne7 10.d4 cxd4 11.Nxd4 Qc7 12.Rc1 O-O 13.Qd2 Nf6 14.f3 Nc6 15.b3 Rab8
16.Rfd1 Rfd8 17.Qf2 Qe7 18.Nde2 Nd7 19.Rd2 Nc5 20.Rcd1 b6 21.Qg3 Be5 22.f4 Bf6
23.Qf3 Qc7 24.Qf2 Qe7 25.Nd4 Nxd4 26.Bxd4 Bxd4 27.Qxd4 b5 28.b4 Na4 29.Nxa4 bxa4
30.a3 a5 31.bxa5 d5 32.cxd5 exd5 33.Qxa4 dxe4 34.Rxd8+ Rxd8 35.Rxd8+ Qxd8
36.Qxe4 Qd1+ 37.Kf2 Qd2+ 38.Kf3 Qc3+ 39.Qe3 Qc6+ 40.Kg3 h5 41.h3 Kh7 42.Qd4 Qa6
43.Qd5 f6 44.Qf7+ Kh6 45.Qf8+ Kh7 46.Qe7+ Kh6 47.Qd8 Qe6 48.Qh8+  1-0

[Event "36th Olympiad w"]
[Site "Calvia ESP"]
[Date "2004.10.18"]
[Round "4"]
[White "Piarnpuu,L"]
[Black "Dymshits,G"]
[Result "1-0"]
[WhiteElo "2227"]
[BlackElo "2081"]

1.e4 c5 2.Nf3 d6 3.Bb5+ Bd7 4.Bxd7+ Qxd7 5.c4 Nf6 6.Nc3 Nc6 7.d4 cxd4 8.Nxd4 g6
9.f3 Bg7 10.Be3 a6 11.Na4 Rb8 12.Nb6 Qd8 13.Ne2 Nd7 14.Nxd7 Qxd7 15.Qd2 Ne5
16.Rc1 b5 17.Bd4 bxc4 18.O-O O-O 19.Qc3 Rfc8 20.f4 Nd3 21.Bxg7 Nxc1 22.Nxc1 f6
23.Bh6 Qb7 24.Rf2 Qxe4 25.Re2 Qb7 26.f5 g5 27.h4 gxh4 28.g4 Kf7 29.g5 Qb4
30.g6+ hxg6 31.fxg6+ Kxg6 32.Rg2+ Kf7 33.Rg7+ Ke8 34.Qh3 f5 35.Qxh4 Qc5+
36.Kf1 Qd5 37.Qxe7+  1-0

[Event "Essent Open"]
[Site "Hoogeveen NED"]
[Date "2004.10.18"]
[Round "4"]
[White "Hamelink,D"]
[Black "Porat,S"]
[Result "0-1"]
[WhiteElo "2227"]
[BlackElo "2421"]

1.e4 c5 2.Nf3 d6 3.Bb5+ Bd7 4.Bxd7+ Qxd7 5.c4 g6 6.d4 cxd4 7.Nxd4 Bg7 8.Nc3 Nc6
9.Nde2 Nh6 10.O-O O-O 11.f3 f5 12.Be3 fxe4 13.Qd5+ Kh8 14.Qxe4 Rf5 15.Rad1 Raf8
16.Qc2 R5f7 17.Ne4 Nf5 18.Bf2 Bh6 19.Qc3+ Kg8 20.b4 b6 21.c5 bxc5 22.Nxc5 Qc8
23.Nb3 Qb7 24.Nbd4 Rc8 25.Nxc6 Rxc6 26.Qb3 a6 27.Nd4 Nxd4 28.Rxd4 Qc8 29.Rh4 Rc1
30.Be1 Bg7 31.Rxh7 Qc4 32.Qxc4 Rxc4 33.Rh4 Rc2 34.a4 Rf5 35.Rg4 Kf7 36.Bf2 Ra2
37.a5 Rd5 38.Be3 Rd3 39.Bb6 Rb2 40.Rf4+ Bf6 41.Bf2 Rdd2 42.Rg4 d5 43.Be3 Re2
44.Bc5 d4 45.Rd1 e5 46.h3 g5 47.h4 gxh4 48.Kh2 Red2 49.Re1 d3 50.Kg1 Rdc2
51.Rd1 e4 52.fxe4 d2 53.Be3 Bd4 54.Rf1+ Ke6 55.Bxd4 Rc1 56.Rg6+ Kd7 57.Rg7+ Kc6
58.b5+ Kxb5 59.Rb7+ Ka4 60.Bxb2 Rxf1+ 61.Kxf1 d1=Q+ 62.Kf2 Qd2+ 63.Kf3 Qd3+
64.Kf2 Qxe4 65.Rf7 Qc2+ 66.Kg1 Qxb2 67.Rf4+ Kxa5 68.Rxh4 Kb6 69.Kh2 a5  0-1

[Event "36th Olympiad"]
[Site "Calvia ESP"]
[Date "2004.10.19"]
[Round "5"]
[White "Solak,D"]
[Black "Ibraev,N"]
[Result "1/2-1/2"]
[WhiteElo "2563"]
[BlackElo "2476"]

1.e4 c5 2.Nf3 d6 3.Bb5+ Nc6 4.O-O Bd7 5.Re1 Nf6 6.c3 a6 7.Bc4 Bg4 8.h3 Bxf3
9.Qxf3 Ne5 10.Qe2 Nxc4 11.Qxc4 e6 12.Qb3 b5 13.d4 Be7 14.dxc5 dxc5 15.c4 bxc4
16.Qxc4 O-O 17.Be3 Nd7 18.Qc2 Ne5 19.Na3 c4 20.Nxc4 Rc8 21.b3 Nxc4 22.bxc4 Qc7
23.c5 Bxc5 24.Rac1 Bd6 25.Qd3 Bh2+ 26.Kf1 Qd6 27.Rcd1 Qxd3+ 28.Rxd3 Be5 29.Rb1 Rb8
30.Rb6 Rxb6 31.Bxb6 Rb8 32.a4 Kf8 33.a5 Ke8 34.g3 Rc8 35.f4 Bf6 36.e5 Be7
37.Ke2  1/2-1/2

[Event "36th Olympiad"]
[Site "Calvia ESP"]
[Date "2004.10.19"]
[Round "5"]
[White "Predojevic,B"]
[Black "Ibrahimov,R"]
[Result "1/2-1/2"]
[WhiteElo "2509"]
[BlackElo "2505"]

1.e4 c5 2.Nf3 d6 3.Bb5+ Nd7 4.d4 a6 5.Bxd7+ Bxd7 6.O-O e6 7.Nc3 Ne7 8.Bg5 h6
9.Bh4 Qc7 10.Re1 cxd4 11.Qxd4 e5 12.Qd2 Be6 13.Bxe7 Bxe7 14.Nd5 Qc6 15.Rad1 Rc8
16.c3 Bxd5 17.Qxd5 Qxd5 18.Rxd5 g6 19.Nd2 Kd7 20.Nf1 Ke6 21.Rd3 Bg5 22.g3 h5
23.Kg2 Rc6 24.Ne3  1/2-1/2

[Event "36th Olympiad"]
[Site "Calvia ESP"]
[Date "2004.10.19"]
[Round "5"]
[White "Zvjaginsev,V"]
[Black "Likavsky,T"]
[Result "1/2-1/2"]
[WhiteElo "2650"]
[BlackElo "2449"]

1.e4 c5 2.Nf3 d6 3.Bb5+ Nd7 4.d4 a6 5.Bxd7+ Bxd7 6.Nc3 cxd4 7.Qxd4 e5 8.Qd3 h6
9.Be3 Nf6 10.a4 Be6 11.O-O Be7 12.Rfd1 O-O 13.Nh4 Nxe4 14.Nxe4 Bxh4 15.Nxd6 Be7
16.Nf5 Bf6 17.Qe4 Qc7 18.a5 Rac8 19.c3 Qc4 20.Qxc4 Rxc4 21.Nd6 Rc7 22.Bb6 Rd7
23.Ne4 Rxd1+ 24.Rxd1 Be7 25.Bc5 Rd8 26.Re1 Kf8 27.f3 f6 28.Kf2 Bc4 29.b4 Bxc5+
30.bxc5 Rd3 31.Re3 Rxe3 32.Kxe3 Bd5 33.Nd6 g6 34.c4 Bc6 35.g4 Ke7 36.h4 Ke6
37.h5 gxh5 38.gxh5 f5 39.f4 Kf6 40.fxe5+ Kg5 41.Nf7+ Kxh5 42.Kf4 Kg6 43.Nd6 Be4
44.Kg3 h5 45.Kh4 Bf3 46.e6 Kf6 47.e7 Kxe7 48.Nxf5+ Kf6 49.Nd4 Bc6 50.Kxh5 Ke5
51.Nb3 Ke4 52.Kg5 Kd3 53.Kf4 Kxc4 54.Nd2+ Kc3 55.Ke3 Kb4 56.Kd4 Kxa5 57.Kc4 Ka4
58.Nb1 Bb5+ 59.Kc3 Be2 60.Nd2 Kb5 61.Ne4 Bf3 62.Nd6+ Kxc5 63.Nxb7+  1/2-1/2

[Event "36th Olympiad"]
[Site "Calvia ESP"]
[Date "2004.10.20"]
[Round "6"]
[White "Hatanbaatar,B"]
[Black "Sammalvuo,T"]
[Result "1-0"]
[WhiteElo "2427"]
[BlackElo "2438"]

1.e4 c5 2.Nf3 d6 3.Bb5+ Bd7 4.Bxd7+ Qxd7 5.c4 Nc6 6.Nc3 g6 7.d4 cxd4 8.Nxd4 Bg7
9.Nde2 Nf6 10.O-O O-O 11.f3 a6 12.a4 Qd8 13.Be3 Qa5 14.Kh1 Nd7 15.Bd2 Rfc8
16.Rb1 Qd8 17.Bg5 Qf8 18.b3 Rab8 19.Qd2 Kh8 20.Be3 Nc5 21.Nd4 Nxd4 22.Bxd4 Bxd4
23.Qxd4+ Kg8 24.Rfd1 Nd7 25.f4 Rd8 26.h3 Qg7 27.Qe3 Qh6 28.Qf3 Qf8 29.Rd2 Nc5
30.Qe3 Rbc8 31.Nd5 f6 32.e5 dxe5 33.fxe5 f5 34.Rbd1 Ne4 35.Rd4 e6 36.Nc3 Rxd4
37.Rxd4 Nxc3 38.Qxc3 Rd8 39.c5 Rxd4 40.Qxd4 f4 41.Qd6 Qf5 42.Qb8+ Kg7 43.Qxb7+ Kh6
44.Qxa6 f3 45.Qf1 fxg2+ 46.Qxg2 Qxe5 47.Qd2+ g5 48.Qc2 Qe3 49.c6 Kg7 50.Kg2 g4
51.hxg4 Qf4 52.c7 Qxg4+ 53.Kf2 Qh4+ 54.Ke2 Qh2+ 55.Kd1  1-0

[Event "36th Olympiad"]
[Site "Calvia ESP"]
[Date "2004.10.20"]
[Round "6"]
[White "Bogut,Z"]
[Black "Gelashvili,T"]
[Result "0-1"]
[WhiteElo "2405"]
[BlackElo "2576"]

1.e4 c5 2.Nf3 d6 3.Bb5+ Bd7 4.Bxd7+ Qxd7 5.O-O Nc6 6.Re1 Nf6 7.h3 e6 8.c4 e5
9.d3 g6 10.Nc3 Bg7 11.Bg5 O-O 12.Qd2 Ne8 13.Nd5 f5 14.exf5 Rxf5 15.Nh4 Rf7
16.Re4 Nc7 17.Nxc7 Qxc7 18.Be3 Qd7 19.Rc1 Raf8 20.Qd1 Ne7 21.a3 b6 22.b4 cxb4
23.axb4 d5 24.cxd5 Nxd5 25.Qb3 Kh8 26.b5 Nxe3 27.fxe3 g5 28.Nf3 Rxf3 29.gxf3 Qxh3
30.Rc2 Qg3+ 31.Kh1 Rxf3 32.Rf4 Qh3+  0-1

[Event "Essent Open"]
[Site "Hoogeveen NED"]
[Date "2004.10.21"]
[Round "7"]
[White "Klinova,M"]
[Black "Porat,Dav"]
[Result "1-0"]
[WhiteElo "2400"]
[BlackElo "2280"]

1.e4 c5 2.Nf3 d6 3.Bb5+ Bd7 4.Bxd7+ Qxd7 5.c4 Nf6 6.Nc3 Nc6 7.d4 cxd4 8.Nxd4 g6
9.Nde2 Bg7 10.f3 O-O 11.Be3 Qd8 12.Qd2 Qa5 13.O-O a6 14.Rac1 Nd7 15.Rfd1 Rfc8
16.b3 b5 17.Nd5 Qxd2 18.Rxd2 b4 19.c5 dxc5 20.Nxe7+ Nxe7 21.Rxd7 Nc6 22.Rxc5 a5
23.Rd2 Ne5 24.Rxc8+ Rxc8 25.Bb6 Ra8 26.Rd8+ Rxd8 27.Bxd8 Nc6 28.Bb6 Kf8 29.Kf2 Ke7
30.Ke3 Kd6 31.Nd4 Bh6+ 32.f4 Nxd4 33.Bxd4 Kc6 34.Bf6 Bf8 35.Bd8 Bc5+ 36.Kd3 Kb5
37.g4 a4 38.h3 axb3 39.axb3 Kc6 40.Kc4 Be3 41.f5 Kd6 42.Bf6 Bd2 43.Bd4 Be1
44.e5+ Kd7 45.Bc5 Bc3 46.Kd5  1-0

[Event "36th Olympiad"]
[Site "Calvia ESP"]
[Date "2004.10.22"]
[Round "7"]
[White "Ricardi,P"]
[Black "Bu Xiangzhi"]
[Result "1/2-1/2"]
[WhiteElo "2548"]
[BlackElo "2615"]

1.e4 c5 2.Nf3 d6 3.Bb5+ Nd7 4.d4 a6 5.Bxd7+ Bxd7 6.O-O cxd4 7.Qxd4 Bg4 8.Nc3 e6
9.a4 Ne7 10.Ne1 Bh5 11.Nd3 Bg6 12.a5 Nc6 13.Qa4 Be7 14.Be3 O-O 15.Rfd1 Bf6
16.Nf4 Qe7 17.Qa3 Ne5 18.Nxg6 hxg6 19.Qb3 Rac8 20.Ra4 Ng4 21.Bb6 Bxc3 22.bxc3 Qg5
23.h3 Nf6 24.Be3 Qe5 25.Qxb7 d5 26.Qxa6 Nxe4 27.Bd4 Qf5 28.Qd3 e5 29.f3 exd4
30.fxe4 dxe4 31.Qxd4 e3 32.Qxe3 Qxc2 33.Raa1 Rxc3 34.Qd2 Qxd2 35.Rxd2 Ra8
36.Rd6 Rc2 37.a6 Ra7 38.Rb6 Kh7 39.Kh2 Kh6 40.Ra4 Kh5 41.Rb5+ f5 42.Ra3 Rc6
43.Rba5 Kh6 44.g4 fxg4 45.hxg4 g5 46.Kg3 Rf6 47.Ra1 Kg6 48.R1a2 Kh7  1/2-1/2

[Event "36th Olympiad"]
[Site "Calvia ESP"]
[Date "2004.10.22"]
[Round "7"]
[White "Delchev,A"]
[Black "Svidler,P"]
[Result "1/2-1/2"]
[WhiteElo "2601"]
[BlackElo "2735"]

1.e4 c5 2.Nf3 d6 3.Bb5+ Nd7 4.c3 Nf6 5.Qe2 a6 6.Ba4 b5 7.Bc2 e5 8.d4 Be7
9.O-O O-O 10.Rd1 Qc7 11.a4 Bb7 12.dxe5 dxe5 13.axb5 axb5 14.Rxa8 Rxa8 15.Na3 b4
16.Nc4 h6 17.Bd2 Bf8 18.h3 Bc6 19.Rc1 Qb8 20.Bd3 Bb7 21.Be1 Nh5 22.g3 Qe8
23.Nh2 Nhf6 24.Nf3 Qe6 25.h4 Qg4 26.Nfxe5 Nxe5 27.Nxe5 Qxe2 28.Bxe2 Re8 29.Nc4 Nxe4
30.Kf1 bxc3 31.Bxc3  1/2-1/2

[Event "36th Olympiad"]
[Site "Calvia ESP"]
[Date "2004.10.22"]
[Round "7"]
[White "Filippov,An"]
[Black "Alcazar Jimenez,V"]
[Result "1-0"]
[WhiteElo "2475"]
[BlackElo "2412"]

1.e4 c5 2.Nf3 d6 3.Bb5+ Bd7 4.Bxd7+ Qxd7 5.O-O Nc6 6.c3 Nf6 7.Re1 g6 8.d4 Bg7
9.d5 Nb8 10.a4 O-O 11.Na3 e6 12.dxe6 fxe6 13.Nc4 Ne8 14.Be3 b6 15.Qd2 Nc6
16.Rad1 Rd8 17.Bg5 Bf6 18.Bxf6 Rxf6 19.e5 Rxf3 20.gxf3 d5 21.Qg5 Qc7 22.Ne3 Qxe5
23.f4 Qg7 24.Ng4 Nc7 25.Rd3 Rf8 26.Rg3 Kh8 27.Nh6 Qf6 28.Rg4 d4 29.Rh4 d3
30.Ng4 Qxf4 31.Qh6 Qf7 32.Qe3 Nd5 33.Qe4 Qe7 34.Ne5 Nxe5 35.Qxe5+ Nf6 36.Rf4  1-0

[Event "36th Olympiad"]
[Site "Calvia ESP"]
[Date "2004.10.22"]
[Round "7"]
[White "Solomon,SJ"]
[Black "Van Beers,E"]
[Result "1/2-1/2"]
[WhiteElo "2435"]
[BlackElo "2383"]

1.e4 c5 2.Nf3 d6 3.Bb5+ Nd7 4.d4 Nf6 5.Nc3 cxd4 6.Qxd4 a6 7.Bxd7+ Nxd7 8.O-O Qb6
9.b3 Qxd4 10.Nxd4 e6 11.a4 b6 12.Bb2 Bb7 13.Rad1 Be7 14.Nf3 Rc8 15.Nd2 Nf6
16.Rfe1 d5 17.exd5 Nxd5 18.Nxd5 Bxd5 19.c4 Bc6 20.Ne4 O-O 21.Nd6 Rcd8 22.Ba3 Rd7
23.Rd3 Rfd8 24.Red1 Be4 25.R3d2 Bg5 26.Re2 Bc6 27.Rd4 Bf6 28.Rd1 Bg5 29.Rd4 Bf6
30.Rd1  1/2-1/2

[Event "36th Olympiad"]
[Site "Calvia ESP"]
[Date "2004.10.22"]
[Round "7"]
[White "Denny,K"]
[Black "Nsubuga,G"]
[Result "1-0"]
[WhiteElo "2334"]
[BlackElo "2217"]

1.e4 c5 2.Nf3 d6 3.Bb5+ Bd7 4.Bxd7+ Qxd7 5.O-O Nc6 6.Qe2 g6 7.c3 Bg7 8.Rd1 Nh6
9.d4 cxd4 10.cxd4 O-O 11.Nc3 Kh8 12.h3 Rac8 13.Bf4 Na5 14.Rac1 Nc4 15.b3 Nb6
16.a4 Rc6 17.Qd2 Ng8 18.d5 Rcc8 19.a5 Na8 20.e5 Nc7 21.Qe3 a6 22.Na4 Rb8
23.exd6 exd6 24.Nb6 Qd8 25.Nd4 Ne7 26.Qf3 Nc8 27.Qg3 Nxb6 28.axb6 Nxd5 29.Bxd6 Rc8
30.Rxc8 Qxc8 31.Bxf8 Qxf8 32.Nf3 Nc3 33.Re1 h6 34.Qc7 Qb4 35.Qxf7  1-0

[Event "Essent Open"]
[Site "Hoogeveen NED"]
[Date "2004.10.22"]
[Round "8"]
[White "Van Wissen,M"]
[Black "Brodsky,M"]
[Result "0-1"]
[WhiteElo "2297"]
[BlackElo "2533"]

1.e4 c5 2.Nf3 d6 3.Bb5+ Nd7 4.O-O a6 5.Bxd7+ Bxd7 6.c3 Nf6 7.Re1 e6 8.e5 dxe5
9.Nxe5 Be7 10.d4 O-O 11.dxc5 Bxc5 12.Bg5 Be8 13.Nd2 Be7 14.Ndc4 Qc7 15.Qf3 Nd5
16.Bxe7 Nxe7 17.b3 f6 18.Ng4 e5 19.Rad1 Bc6 20.Qg3 Ng6 21.Nge3 Nf4 22.Qg4 b5
23.Nb2 Be8 24.c4 bxc4 25.Nbxc4 Bc6 26.g3 f5 27.Qh4 Ng6 28.Qg5 Bf3 29.Rd6 Qf7
30.Nb6 Ra7 31.Nec4 Re7 32.h4 f4 33.h5 Bxh5 34.Qxh5 fxg3 35.f3 e4 36.Nd5 Ree8
37.f4 Qa7+ 38.Re3 Rc8 39.Kg2 Rxc4 40.f5 Rc2+ 41.Kxg3 Kh8  0-1

[Event "36th Olympiad"]
[Site "Calvia ESP"]
[Date "2004.10.23"]
[Round "8"]
[White "Sanduleac,V"]
[Black "Huzman,A"]
[Result "1/2-1/2"]
[WhiteElo "2486"]
[BlackElo "2581"]

1.e4 c5 2.Nf3 d6 3.Bb5+ Nc6 4.O-O Bd7 5.Re1 Nf6 6.c3 a6 7.Bf1 Bg4 8.h3 Bh5
9.d3 e6 10.Nbd2 Nd7 11.Be2 Be7 12.d4 cxd4 13.cxd4 O-O 14.d5 exd5 15.exd5 Nb4
16.Nc4 Bg6 17.Ne3 Nc5 18.Nd4 Nbd3 19.Bxd3 Nxd3 20.Re2 Bg5 21.Nf3 Bh6 22.Ne1 Nxc1
23.Rxc1 Bh5 24.g4 Bg6 25.Rc3 Re8 26.N1g2 Be4 27.Nf1 Re5 28.Qe1 Bxg2 29.Kxg2 Bf4
30.Rc4 Qf6 31.Rxe5 Bxe5 32.b3 g6 33.Nd2 b5 34.Rc6 h5 35.Qe4 hxg4 36.hxg4 Kf8
37.Nf3 Re8 38.g5 Qf4 39.Qxf4 Bxf4 40.Rxa6 Re2 41.Kf1 Rb2 42.Rb6 Rxa2 43.Rxb5 Ra1+
44.Kg2 Ra2 45.Rb8+ Kg7 46.Re8 Ra5 47.Re4 Bc1 48.Rc4 Bb2 49.Rc2 Ba1 50.Rc1 Bb2
51.Rc2 Ba1 52.Rd2 Bc3 53.Rd3 Bb4 54.Nh2 Ra2 55.Ng4 Bd2 56.Ne3 Bxe3 57.Rxe3 Rd2
58.Kg3  1/2-1/2